书目信息 |
| 题名: |
邓小平论民主法制建设
|
|
| 作者: | 中宣部 ;司法部《邓小平论民主法制建设》编选组 | |
| 分册: | ||
| 出版信息: | 北京 法律出版社 1994.09 |
|
| 页数: | 84页 | |
| 开本: | 20cm | |
| 丛书名: | ||
| 单 册: | ||
| 中图分类: | A496.4 | |
| 科图分类: | ||
| 主题词: | 毛泽东著作 | |
| 电子资源: | ||
| ISBN: | 7-5036-1533-8 | |
| 000 | 00778nam0 2200205 450 | |
| 001 | 0635169255 | |
| 005 | 20060114094826.54 | |
| 010 | @a7-5036-1533-8@dCNY3.10 | |
| 100 | @a20060114d1994 km y0chiy0120 ea | |
| 101 | 0 | @achi |
| 102 | @aCN@b110000 | |
| 200 | 1 | @a邓小平论民主法制建设@Adeng xiao ping lun min zhu fa zhi jian she@f中宣部,司法部《邓小平论民主法制建设》编选组@Fzhong xuan bu,si fa bu《deng xiao ping lun min zhu fa zhi jian she》bian xuan zu |
| 210 | @a北京@c法律出版社@d1994.09 | |
| 215 | @a84页@d20cm | |
| 606 | 0 | @a毛泽东著作 |
| 690 | @aA496.4@v3 | |
| 701 | 0 | @a中宣部@Azhong xuan bu |
| 711 | 0 | @a司法部《邓小平论民主法制建设》编选组@Asi fa bu《deng xiao ping lun min zhu fa zhi jian she》bian xuan zu |
| 801 | 0 | @aCN@bPFT@c20060114 |
| 905 | @a10447@dA496.4@eZ6951 | |
| 邓小平论民主法制建设/中宣部,司法部《邓小平论民主法制建设》编选组.-北京:法律出版社,1994.09 |
| 84页;20cm |
| ISBN 7-5036-1533-8:CNY3.10 |
| ● |
| 相关链接 |
|
|
|
正题名:邓小平论民主法制建设
索取号:A496.4/Z6951
 
预约/预借
| 序号 | 登录号 | 条形码 | 馆藏地/架位号 | 状态 | 备注 |
| 1 | 442651 | 204426512 | 社科库509/509社科库 2排2列1层/ [索取号:A496.4/Z6951] | 在馆 |